Eksportna struktura i razširjavane učastieto na balgarskoto mašinostroene v svetovnija pazar.
Súčasná štruktúra bulharského strojárstva nie je schopná zabezpečiť účasť krajiny na svetových trhoch s najmodernejšími strojmi. Rozbor možností reštrukturalizácie ukazuje na to, že najvýhodnejšie bude upevniť pozície na trhoch, na ktorých sa obchoduje s tradičnými druhmi strojov. Základné opatrenia...
Salvato in:
| Autore principale: | |
|---|---|
| Natura: | Capitolo di libro |
| Lingua: | bulgaro |
| Soggetti: | |
| Tags: |
Nessun Tag, puoi essere il primo ad aggiungerne!!
|
MARC
| LEADER | 00000naa a2200000 4500 | ||
|---|---|---|---|
| 001 | r005020 | ||
| 005 | 20221125114946.0 | ||
| 041 | 0 | |a bul | |
| 044 | |a BG | ||
| 245 | 1 | 0 | |a Eksportna struktura i razširjavane učastieto na balgarskoto mašinostroene v svetovnija pazar. |c V. Kostov |
| 520 | |a Súčasná štruktúra bulharského strojárstva nie je schopná zabezpečiť účasť krajiny na svetových trhoch s najmodernejšími strojmi. Rozbor možností reštrukturalizácie ukazuje na to, že najvýhodnejšie bude upevniť pozície na trhoch, na ktorých sa obchoduje s tradičnými druhmi strojov. Základné opatrenia umožňujúce zmenu štruktúry bulharského exportného strojárstva a synchronizáciu medzi exportom a výrobnými štruktúrami ako aj modernizáciu a účasť zahraničného kapitálu. | ||
| 610 | 2 | 0 | |a priemysel strojársky |
| 610 | 2 | 0 | |a BR |
| 610 | 2 | 0 | |a vývoz |
| 610 | 2 | 0 | |a trh svetový |
| 610 | 2 | 0 | |a kapitál zahraničný |
| 610 | 2 | 0 | |a zmeny štruktúrne |
| 610 | 2 | 0 | |a štruktúra výroby |
| 100 | 1 | |a Kostov, V. | |